000 00827nas a2200253 4500
001 BR0805239
003 BR-BrBNA
005 20231205112413.0
007 ta
008 230509b bl.|||p| |||| 00| 00por d
040 _aBR-BrBNA
_bpor
_cBiblioteca Nacional de Agricultura
041 _a(Pt)
072 _aQ53
100 1 _aTartaglia, S.R.
245 1 _aPontos práticos para implantação de sistemas de qualidade, no âmbito do mercado de pré-misturas para nutrição animal
650 _aALIMENTO ANIMAL
650 _aCONTROLE DE QUALIDADE
650 _aVALOR NUTRITIVO
650 _aCONTAMINAÇÃO
650 _aINSPEÇÃO SANITÁRIA
773 0 _tHigiene Alimentar (Brazil)
_xISSN 0101-9171
_g(Jan-Feb 2008), v. 22(158) p. 14-15
_wBR0805239
909 _a202311
_bLúcia
_c55
_dLúcia Elande
942 _2AGRIS
_n0
_cANA
999 _c197884
_d197884